000 00732nam0a22002771 4500
001 RU\NLR\INFOCOMM6\ROSSICA\1000349698
005 20250613191845.0
035 _a(NLR Aleph) 009942255
090 _a10764709
_c10764709
100 _a20030508d1927 |||y0rusy50 ca
101 0 _ager
102 _aRU
105 _ay ||||000ay
200 1 _aSamuel Feinberg
_fVictor Belaiev
210 _aMoskau
_d1927
215 _d
225 1 _aBiographien Moderner Russischer Komponisten
600 1 _aFeinberg
_bS.
_gSamuel
_2PSBO
700 1 _aBelaiev
_bV.
_gVictor
_4070
801 1 _aRU
_bInfoComm
_c20030508
801 0 _aRU
_bNLR
_gPSBO
852 _aNLR
_j30.3.10.274
942 _cBOOK
980 _aNB
980 _aRossica